000 01929nam0a2200385 4500
001 RU\NLR\BIBL_A\022013493
005 20231108191805.0
010 _a978-5-6048968-1-5
021 _aRU
_bКН-П-23-046333
_9КН-П-23-4633
035 _a(NLR Aleph) 022013493
090 _a12490576
_c12490576
100 _a20230829d2023 u y0rusy50 ca
101 0 _arus
102 _aRU
105 _aa|||g|||011zy
181 0 _ai
_baxxe
182 0 _an
200 1 _aПутеводитель по фондам муниципальных архивов Республики Хакасия
_fМинистерство культуры Республики Хакасия
_gсоставители: Коростелева Т. В. [и др.]
203 _aТекст
_bвизуальный
_cнепосредственный
210 _aАбакан
_cТипография Хакасии
_d2023
215 _a695 с.
_cил., табл.
_d21
300 _aПосвящ. 100-летию создания Хакас. уезда Енисейской губернии, 105-летию Гос. архив. службы России
320 _aБиблиогр. в тексте
320 _aУказ. персоналий: с. 684-685
320 _aУказ. орг., учреждений: с. 686-694
606 1 _aАрхивные фонды
_jПутеводители
_yХакасия, Республика
_92566558
_3RU\NLR\AUTH\6601729802
686 1 _aЧ814(2Р-4Кра-6Х)я26
686 1 _aЧ811.4я26
702 1 _4220
_7ca
_8rus
_aКоростелева
_bТ. В.
_cархивист
_gТатьяна Викторовна
_9199327
_3RU\NLR\AUTH\770199378
712 0 1 _4570
_aРеспублика Хакасия
_bМинистерство культуры
_9367077
_3RU\NLR\AUTH\8810240609
942 _cBOOK
980 _aNB